000 01894nam2a22002531 4500
001 rc\4022293
005 20260406224424.0
021 _aRU
_b[57-2769]
035 _a(NLR Aleph) 008087211
090 _a9160675
_c9160675
100 _a20130415d1956 |||y0rusy50 ca
101 0 _arus
102 _aRU
105 _ay z |||||
200 1 _aСтроительные работы по жилищно-гражданскому и промышленному строительству
_hРаздел 3
_iФундаменты и стены подвалов
210 _d1956
_aБ. м.
215 _a29 с.
461 0 _1001rc\4022289
_12001#$aСборник единичных расценок на строительные работы для строек, осуществляемых Главмосстроем и другими строительно-монтажными организациями системы исполкома Московского Совета$eДля применения с 1 янв. 1956 г.$vЧ. 1
_99160653
_aМосковский городской Совет депутатов трудящихся. Исполнительный комитет
_cМосква
_d1956
_nБ. и.
_oДля применения с 1 янв. 1956 г.
_tСборник единичных расценок на строительные работы для строек, осуществляемых Главмосстроем и другими строительно-монтажными организациями системы исполкома Московского Совета
_vЧ. 1
712 0 2 _aМосковское главное управление по жилищному и гражданскому строительству
_9456464
_3RU\NLR\AUTH\889980085
801 0 _aRU
_bNLR
_gpsbo
801 1 _aRU
_bELAR
_2rusmarc
852 _aNLR
_jПт 80.1/194
942 _cBOOK
980 _aNB